Movies Quiz

Random Movies Quiz

90s Films By Description Quiz Stats

 Plays Quiz not verified by Sporcle

Support Sporcle.
Go Orange.
Score 0/93 Timer 15:00
0 Plays Today
Description Film % Correct
Man's life is a tv showThe Truman Show
92.2%
Documentary makers get lost in the woodsThe Blair Witch Project
90.6%
Man dresses up as female nannyMrs. Doubtfire
90.6%
Arab teen finds genieAladdin
89.1%
Kid left by himself at ChristmasHome Alone
84.4%
Kid sees dead peopleThe Sixth Sense
84.4%
Two men start a group for fightingFight Club
84.4%
Funny stone age familyThe Flintstones
84.4%
Theme park with dinosaursJurassic Park
82.8%
Bus with bomb cannot slow downSpeed
82.8%
Cruise ship sinksTitanic
81.3%
Toys come to lifeToy Story
81%
Man repeatedly relives the same dayGroundhog Day
79.7%
Looney Tunes play basketballSpace Jam
79.7%
Crazy private investigator for animalsAce Ventura: Pet Detective
78.1%
Serial killer bases crimes on 7 deadly sinsSe7en
78.1%
Writer kidnapped by obsessive fanMisery
78.1%
Cop pretends to be a schoolteacherKindergarten Cop
78.1%
Man can't tell liesLiar Liar
76.6%
Undercover cop joins surfing bank robbersPoint Break
76.6%
Angry man plays golf to save grandma's homeHappy Gilmore
76.6%
Native American girl meets colonial menPocahontas
76.6%
Two idiot friends travel to AspenDumb And Dumber
75%
Two agents must stop evil alienMen In Black
75%
Serial killer makes suit out of womenThe Silence Of The Lambs
75%
Kid befriends giant robotThe Iron Giant
75%
F.B.I. agent and terrorist swap facesFace/Off
75%
Giant dinosaur attacks New YorkGodzilla
75%
Plumber brothers go to parallel universeSuper Mario Bros.
73.4%
Crime fighting reptiles live in the sewersTeenage Mutant Ninja Turtles
73.4%
Aliens destroy the White HouseIndependence Day
71.9%
Description Film % Correct
Man is attracted to his daughter's friendAmerican Beauty
71.9%
Chinese girl joins army to fight HunsMulan
71.9%
Stupid spy is revived in the 90sAustin Powers: International Man Of Mystery
68.8%
Life of Andy KaufmanMan On The Moon
67.2%
Robot must protect boy from another robotTerminator 2: Judgement Day
67.2%
Life of influential black supremacistMalcolm X
67.2%
L.A. and Hong Kong cops team upRush Hour
65.6%
Hacker discovers 'reality' is virtualThe Matrix
65.6%
Woman does elite military trainingG.I. Jane
65.6%
Man framed for murder of wifeThe Fugitive
65.6%
Ex-fascist must stop his younger brother from the same lifestyleAmerican History X
65.6%
Terrorists hijack President's planeAir Force One
64.1%
Mythical Irish creature searches for goldLeprechaun
64.1%
Billionaire offers money for a night with a married womanIndecent Proposal
64.1%
Criminals hijack a prison planeCon Air
62.5%
Grown man repeats schoolBilly Madison
60.9%
Half-vampire hunts vampiresBlade
60.9%
Man becomes lawyer for SatanThe Devil's Advocate
59.4%
Bowler gets his rug ruinedThe Big Lebowski
59.4%
Life of famous silent film comedianChaplin
59.4%
Man literally gets inside actor's headBeing John Malkovich
56.3%
Soldiers look for a family's last sonSaving Private Ryan
56.3%
Green-faced superheroThe Mask
54.7%
Kid gets stuck inside an action movieLast Action Hero
54.7%
Woman pretends to be fiancee of man in comaWhile You Were Sleeping
54.7%
Woman goes from strip club to Vegas showShowgirls
53.1%
Kids cuss after seeing Canadian comedy filmSouth Park: Bigger, Longer & Uncut
51.6%
Man to jump into a volcanoJoe Versus The Volcano
51.6%
Disabled man recounts crime storyThe Usual Suspects
50%
Slacker friends invent a new sportBASEketball
50%
Man goes to commit adultery and finds sex cultEyes Wide Shut
48.4%
Description Film % Correct
Criminals fight Mexican vampiresFrom Dusk Till Dawn
48.4%
Baseball star targeted by obsessive fanThe Fan
46.9%
Resurrected man gets revenge with the help of a birdThe Crow
45.3%
Angels to exploit loophole to re-enter HeavenDogma
45.3%
Pilot becomes superhero with a jetpackThe Rocketeer
45.3%
Cop falls for seductive crime writerBasic Instinct
43.8%
Cowboys go to avenge prostitute's mutilationUnforgiven
43.8%
Terrorists hijack battleshipUnder Siege
40.6%
Man fights Medieval undead with chainsawArmy Of Darkness
40.6%
Strangers stuck in giant box mazeCube
40.6%
Fascist humans vs. giant bugsStarship Troopers
39.1%
Programmer gets identity stolenThe Net
37.5%
A trip to Mars?Total Recall
34.4%
Chosen one found on desert planetStar Wars Episode I: The Phantom Menace
34.4%
Fighting tournament for Earth realmMortal Kombat
28.1%
Kid stays with killer cousinThe Good Son
28.1%
Woman sues man for sexual harassment, he sues herDisclosure
28.1%
Eccentric kid falls for his teacherRushmore
26.6%
I.R.A. target C.I.A. analystPatriot Games
26.6%
Man pretends to be sex workerDeuce Bigalow: Male Gigolo
26.6%
Woman forgets she is an assassinThe Long Kiss Goodnight
21.9%
Hong Kong cop fights thugs in New YorkRumble In The Bronx
21.9%
Slapstick adventures of blind rich manMr. Magoo
21.9%
Young boy catches monstersPokémon: The First Movie
20.3%
Stripper/mercenary fights futuristic fascistsBarb Wire
18.8%
Terrorist cell in New YorkThe Siege
15.6%
Jewel thief pretends to be a copBlue Streak
15.6%
Extra-terrestrial on prison planetAlien³
14.1%
Cop fights criminals with strange facesDick Tracy
10.9%
Cyborg policewoman pursues mysterious hackerGhost In The Shell
9.4%
Singer/actress is paranoid about stalkersPerfect Blue
6.3%

You're not logged in!

Compare scores with friends on all Sporcle quizzes.
OR
Log In

From the Vault

Chinese Words You Probably Know

by markassonne

Surprisingly, not all the words you might know are about food.
Remove Ads.
Support Sporcle.
Get the best of Sporcle when you Go Orange. This ad-free experience offers more features, more stats, and more fun while also helping to support Sporcle. Thank you for becoming a member.

Show Comments

Extras

Created Feb 24, 2020ReportNominate
Tags:description

Top Quizzes Today


Score Distribution

Your Account Isn't Verified!

In order to create a playlist on Sporcle, you need to verify the email address you used during registration. Go to your Sporcle Settings to finish the process.

Report this User

Report this user for behavior that violates our Community Guidelines.

Details: